| 000 | 00442cam a2200181ua 4500 | ||
|---|---|---|---|
| 020 | _c16.00 | ||
| 041 |
_ahin _h |
||
| 082 |
_a891.54 _bSHR/KA |
||
| 100 | _aShrijayamant, Mishra . | ||
| 245 |
_aKavyatma- Meemamsa / _cShrijayamant mishra. _hTextual Documents |
||
| 250 |
_a1 / _b. |
||
| 260 |
_a : _bChowkhamba Vidhyabhavan , _c1964. |
||
| 300 | _a388 ; . | ||
| 365 | _a16.00 | ||
| 504 | _a | ||
| 942 | _cBK | ||
| 999 |
_c8409 _d8409 |
||